| 000 | 00439nam a2200145 4500 | ||
|---|---|---|---|
| 003 | OSt | ||
| 082 |
_a664 _bNOO/MI |
||
| 088 | _aT 634 | ||
| 100 |
_aNoorbina Razak _97091 |
||
| 245 | _aMicrowave hydro-distillation and ultrasound assisted extraction of bioactive components from nutmeg pericarp / | ||
| 260 |
_aTavanur : _bDepartment of Processing & Food Engineering _c2024 |
||
| 300 | _a128p. | ||
| 700 | _aPrince M. V (Guide) | ||
| 942 | _cTH | ||
| 999 |
_c19319 _d19319 |
||